000 00827cam a22002294a 4500
020 _a1565492137 (pbk. : alk. paper)
020 _a1565492145 (alk. paper)
020 _a9781565492134
040 _cDLC
082 0 0 _a323 KUM 2006 A017 Or.
245 0 0 _aNon-state actors in the human rights universe /
260 _aBloomfield, CT :
_bKumarian Press, Inc.,
_c2006.
300 _axxx, 352 p. :
_bill. ;
_c23 cm.
520 _a"This book provides a new approach to the study of human rights and the issues of globalization and state sovereignty"--Provided by publisher.
650 0 _aHuman rights.
650 0 _aGlobalization.
700 1 _aAndreopoulos, George J.
700 1 _aKabasakal Arat, Zehra F.
700 1 _aJuviler, Peter H.
856 4 1 _uhttp://www.loc.gov/catdir/toc/ecip062/2005030654.html
942 _cEK
999 _c11825
_d11825